Score 0/20 Timer 02:00
11 Plays Today
Question Answer Wrong Answers
With 23, who has won the most Olympic gold medals over their career? Usain Bolt
87.8%
Michael Phelps
12.1%
The NCAA Men's Division I Basketball Tournament is predominantly played over which month? June
82.1%
March
11.8%
What Canadian city is currently the only one to have multiple Big 4 teams? Vancouver
80.1%
Toronto
16.7%
Who holds the record for the most points scored in a single NBA game ? Michael Jordan
78.5%
Wilt Chamberlain
17.4%
Which NFL team won the first ever Super Bowl in 1967? Dallas Cowboys
76.5%
Green Bay Packers
16%
Which US state is currently home to the most Big 4 teams? New York
74.5%
California
24.7%
In golf, the term 'eagle' refers to a score of how many strokes below par? 3
74.5%
2
20.2%
In darts, how many points is the inner bullseye worth? 60
73.9%
50
16.7%
A perfect game of ten-pin bowling involves how many strikes? 10
72.3%
12
26%
Which team ended their 86-year title drought by winning the 2004 World Series? Chicago Cubs
69.5%
Boston Red Sox
23.6%
What country won the 1950 FIFA World Cup by upsetting favorites Brazil 2-1 in the final? Paraguay
68.6%
Uruguay
23.2%
Before being stripped of his titles, how many consecutive Tours de France did Lance Armstrong win? 9
64.8%
7
15.5%
The highest scoring ball in snooker is what color? Pink
63.1%
Black
24.9%
Which Grand Slam tournament is the first one to be held in the calendar year? Wimbledon
60.1%
Australian Open
23%
Which London club is the first from the city to win the UEFA Champions League? Arsenal
55.8%
Chelsea
35.3%
With 260 goals, who is the Premier League's highest ever scorer? Wayne Rooney
54.6%
Alan Shearer
35.3%
Over how many days is a test cricket match played? 7
52.6%
5
32.6%
Which nation's NHL teams have won more Stanley Cups? Canada
47.9%
United States
41.3%
Who broke the Undertaker's winning streak of 21 WrestleMania matches? Triple H
47.8%
Brock Lesnar
39%
Who is the only person to ever complete the Triple Crown of Motorsport? Jacques Villeneuve
35.3%
Graham Hill
41.5%
Remove Ads.
Support Sporcle.
Get the best of Sporcle when you Go Orange. This ad-free experience offers more features, more stats, and more fun while also helping to support Sporcle. Thank you for becoming a member.

You're not logged in!

Compare scores with friends on all Sporcle quizzes.
OR
Log In

Show Comments

Extras

Top Quizzes Today


Score Distribution

Your Account Isn't Verified!

In order to create a playlist on Sporcle, you need to verify the email address you used during registration. Go to your Sporcle Settings to finish the process.

Report this User

Report this user for behavior that violates our Community Guidelines.

Details: